00925nam a22002657a 45000010005000000030006000050050017000110080041000280200018000690400029000870500013001160820008001291000031001372450133001682500034003012600036003353000050003714900021004215050008004425200107004505210020005575210020005776500026005977000036006233594FISKH20250703102837.0240321b cb ||||| |||| 00| 0 eng d a9780590040624 aFISKHbengcFISKHdFISKH aPZ7.R982 a176 aRylant , Cynthia eauthor  aHenry and Mudge and the funny lunch / cStory by Cynthia Rylant ; illustrated by Carolyn Bracken in the style of Sucie Stevenson aFirst Scholastic , April 2005 aNew York : bScholastic ,c2004 a40 pages : bcolor illustrations ; c24 cm .  a Henry and Mudge aJ  aMudge looks forward to the Mother's Day surprise that Henry and his father cook up for Henry's mother.8 a490 bLexile 8 aJ bRaz-Plus  aMother's DayvFiction aBracken , Carlyn eillustrator